000 00884nac a22002291u 4500
020 _a0748728090
082 _a004
_bD7541
090 _c4331
_d4331
100 _aDoyle, Stephen,
245 _aInformation systems for you /
_c Stephen Doyle.
250 _aRev. ed.
260 _aCheltenham :.
_b Stanley Thornes, 1996
_c1996
300 _ax,300p. :
_b ill., facsim.,port. ;
_c27cm.
504 _aIncludes index.
504 _a"Recommended for GCSE Information Technology courses starting September 1996" _ cover.
650 _aInformation technology
_z Great Britain
650 _aElectronic data processing
_z Great Britain
650 _a Information storage and retrieval systems.
650 _a Information technology
942 _cBB
_k004D7541
999 _c4331
_d4331